Razonamiento probatorio y testimonio único en delitos contra la integridad sexual (Registro nro. 5536)
[ vista simple ]
| 000 -LEADER | |
|---|---|
| fixed length control field | 01548nab a22002537a 4500 |
| 003 - CONTROL NUMBER IDENTIFIER | |
| control field | OSt |
| 005 - DATE AND TIME OF LATEST TRANSACTION | |
| control field | 20251215144658.0 |
| 008 - FIXED-LENGTH DATA ELEMENTS--GENERAL INFORMATION | |
| fixed length control field | 190429b xxu||||| |||| 00| 0 spa d |
| 040 ## - CATALOGING SOURCE | |
| Transcribing agency | PJ |
| 100 ## - MAIN ENTRY--PERSONAL NAME | |
| 9 (RLIN) | 6102 |
| Personal name | Martínez, Agustina Lara |
| 245 13 - TITLE STATEMENT | |
| Title | Razonamiento probatorio y testimonio único en delitos contra la integridad sexual |
| Remainder of title | ¿resignificación o flexibilización de estándares? / |
| Statement of responsibility, etc | Guido Palacín. |
| 260 ## - PUBLICATION, DISTRIBUTION, ETC. (IMPRINT) | |
| Date of publication, distribution, etc | Ciudad Autónoma de Buenos Aires : |
| Place of publication, distribution, etc | Thomson Reuters La Ley, |
| Name of publisher, distributor, etc | 2025. |
| 300 ## - PHYSICAL DESCRIPTION | |
| Extent | p. 41-46 |
| 500 ## - GENERAL NOTE | |
| General note | Cita: AR/DOC/175/2025. |
| 505 ## - FORMATTED CONTENTS NOTE | |
| Formatted contents note | Sumario: I. Introducción.— II. Algunas precisiones conceptuales respecto de los delitos contra la integridad sexual. Particularidades —o, más bien, dificultades— probatorias.— III. Estándares provenientes de los compromisos internacionalmente asumidos: ¿incompatibilidad con el aforismo testis unus testis nullus?— IV. La legislación argentina y su recepción en la jurisprudencia local.— V. Breves reflexiones.— VI. Bibliografía.— VII. Jurisprudencia. |
| 505 ## - FORMATTED CONTENTS NOTE | |
| Title | Si te interesa el texto completo, solicitalo a koha@justierradelfuego.gov.ar |
| 650 #0 - SUBJECT ADDED ENTRY--TOPICAL TERM | |
| 9 (RLIN) | 343 |
| Topical term or geographic name as entry element | DERECHO PENAL |
| 650 #0 - SUBJECT ADDED ENTRY--TOPICAL TERM | |
| 9 (RLIN) | 2902 |
| Topical term or geographic name as entry element | DELITOS CONTRA LA INTEGRIDAD SEXUAL |
| 650 #0 - SUBJECT ADDED ENTRY--TOPICAL TERM | |
| 9 (RLIN) | 1977 |
| Topical term or geographic name as entry element | APRECIACION DE LA PRUEBA |
| 650 #0 - SUBJECT ADDED ENTRY--TOPICAL TERM | |
| 9 (RLIN) | 4044 |
| Topical term or geographic name as entry element | PERSPECTIVA DE GÉNERO |
| 700 ## - ADDED ENTRY--PERSONAL NAME | |
| 9 (RLIN) | 6516 |
| Personal name | Palacín, Guido |
| Función | coautor |
| 773 0# - HOST ITEM ENTRY | |
| Host Biblionumber | 2658 |
| Host Itemnumber | 3164 |
| Title | Revista de derecho penal y criminología. Nº 2 - Marzo 2025 |
| Place, publisher, and date of publication | Ciudad Autónoma de Buenos Aires : Thomson Reuters La Ley, 2017- |
| International Standard Serial Number | 00347914 |
| 942 ## - ADDED ENTRY ELEMENTS (KOHA) | |
| Source of classification or shelving scheme | |
| Koha item type | Analítica Artículo de Revista |
No hay ítems disponibles.
